<?xml version="1.0" encoding="UTF-8"?><?xml-stylesheet type="text/xsl" href="static/style.xsl"?><OAI-PMH xmlns="http://www.openarchives.org/OAI/2.0/" xmlns:xsi="http://www.w3.org/2001/XMLSchema-instance" xsi:schemaLocation="http://www.openarchives.org/OAI/2.0/ http://www.openarchives.org/OAI/2.0/OAI-PMH.xsd"><responseDate>2026-04-17T12:59:50Z</responseDate><request verb="GetRecord" identifier="oai:www.recercat.cat:11351/13135" metadataPrefix="marc">https://recercat.cat/oai/request</request><GetRecord><record><header><identifier>oai:recercat.cat:11351/13135</identifier><datestamp>2025-10-23T14:29:36Z</datestamp><setSpec>com_2072_378071</setSpec><setSpec>com_2072_378040</setSpec><setSpec>col_2072_378097</setSpec></header><metadata><record xmlns="http://www.loc.gov/MARC21/slim" xmlns:dcterms="http://purl.org/dc/terms/" xmlns:xsi="http://www.w3.org/2001/XMLSchema-instance" xmlns:doc="http://www.lyncode.com/xoai" xsi:schemaLocation="http://www.loc.gov/MARC21/slim http://www.loc.gov/standards/marcxml/schema/MARC21slim.xsd">
   <leader>00925njm 22002777a 4500</leader>
   <datafield ind2=" " ind1=" " tag="042">
      <subfield code="a">dc</subfield>
   </datafield>
   <datafield ind2=" " ind1=" " tag="720">
      <subfield code="a">Roca-Grande, Josep</subfield>
      <subfield code="e">author</subfield>
   </datafield>
   <datafield ind2=" " ind1=" " tag="720">
      <subfield code="a">Muñoz-Almagro, Carmen</subfield>
      <subfield code="e">author</subfield>
   </datafield>
   <datafield ind2=" " ind1=" " tag="720">
      <subfield code="a">Puigsech Boixeda, Guillem</subfield>
      <subfield code="e">author</subfield>
   </datafield>
   <datafield ind2=" " ind1=" " tag="720">
      <subfield code="a">VIÑADO, BELEN</subfield>
      <subfield code="e">author</subfield>
   </datafield>
   <datafield ind2=" " ind1=" " tag="720">
      <subfield code="a">Mir-Cros, Alba</subfield>
      <subfield code="e">author</subfield>
   </datafield>
   <datafield ind2=" " ind1=" " tag="720">
      <subfield code="a">Lung, Mayli</subfield>
      <subfield code="e">author</subfield>
   </datafield>
   <datafield ind2=" " ind1=" " tag="720">
      <subfield code="a">Bellés, Alba</subfield>
      <subfield code="e">author</subfield>
   </datafield>
   <datafield ind2=" " ind1=" " tag="720">
      <subfield code="a">Càmara, Jordi</subfield>
      <subfield code="e">author</subfield>
   </datafield>
   <datafield ind2=" " ind1=" " tag="720">
      <subfield code="a">Martin, Andrea</subfield>
      <subfield code="e">author</subfield>
   </datafield>
   <datafield ind2=" " ind1=" " tag="720">
      <subfield code="a">Moreno-Mingorance, Albert</subfield>
      <subfield code="e">author</subfield>
   </datafield>
   <datafield ind2=" " ind1=" " tag="720">
      <subfield code="a">González-López, Juan José</subfield>
      <subfield code="e">author</subfield>
   </datafield>
   <datafield ind2=" " ind1=" " tag="720">
      <subfield code="a">Larrosa, María Nieves</subfield>
      <subfield code="e">author</subfield>
   </datafield>
   <datafield ind2=" " ind1=" " tag="260">
      <subfield code="c">2025-05-26T10:07:44Z</subfield>
   </datafield>
   <datafield ind2=" " ind1=" " tag="260">
      <subfield code="c">2025-05-26T10:07:44Z</subfield>
   </datafield>
   <datafield ind2=" " ind1=" " tag="260">
      <subfield code="c">2025</subfield>
   </datafield>
   <datafield ind2=" " ind1=" " tag="520">
      <subfield code="a">Neisseria meningitidis; Antimicrobial susceptibility; Whole genome sequencing</subfield>
   </datafield>
   <datafield ind2=" " ind1=" " tag="520">
      <subfield code="a">Neisseria meningitidis; Susceptibilidad antimicrobiana; Secuenciación del genoma completo</subfield>
   </datafield>
   <datafield ind2=" " ind1=" " tag="520">
      <subfield code="a">Neisseria meningitidis; Susceptibilitat antimicrobiana; Seqüenciació del genoma complet</subfield>
   </datafield>
   <datafield ind2=" " ind1=" " tag="520">
      <subfield code="a">Invasive meningococcal disease (IMD) is associated with significant global morbidity and mortality and is addressed by conjugated polysaccharide and subcapsular vaccines. In Spain, data on 4CMenB vaccine strain coverage and antimicrobial susceptibility are limited. This study aimed to describe the genomic epidemiology, predict 4CMenB vaccine strain coverage, and assess antimicrobial susceptibility of 323 Neisseria meningitidis isolates causing IMD, collected from 57 Clinical Microbiology Laboratories in Spain over 12 years (2011/12–2022/23). Whole genome sequencing was performed to identify serogroup, clonal complex (cc), and antimicrobial resistance determinants. Vaccine strain coverage for serogroup B (MenB) isolates was predicted using the genetic Meningococcal Antigen Typing System approach. The most prevalent serogroups were B (57.9%), W (21.4%), C (10.4%), and Y (8.4%). MenB predominated throughout most seasons, except during the 2019/20 season when serogroup W peaked. Post-COVID-19 pandemic, MenB remained the most frequent (70.2%). Thirteen cc were identified among MenB isolates, with cc213 being the most prevalent (40.1%). Only 28.9% of MenB isolates were predicted to be covered by 4CMenB, with cc213 showing an exceptionally low coverage rate (5.3%) due to antigenic variants poorly targeted by the vaccine. Notably, cc213 was responsible for twice the proportion of MenB cases in 4CMenB-vaccinated versus unvaccinated. All isolates were susceptible to third generation cephalosporins, and 13.5% showed penicillin resistance. This study highlights the alarming prevalence of cc213 among MenB IMD cases in Spain and the limited 4CMenB coverage against this cc. The disproportionate representation of cc213 in vaccinated individuals underscores its potential to compromise vaccine effectiveness.</subfield>
   </datafield>
   <datafield ind2=" " ind1=" " tag="520">
      <subfield code="a">This work was supported by the “Instituto de Salud Carlos III” and cofinanced by the European Regional Development Fund (ERDF) grant number FIS PI21/00132, and by the “Centro de Investigación Biomédica en Red” (CIBER de Enfermedades Infecciosas) grant number CB21/13/00054.</subfield>
   </datafield>
   <datafield tag="653" ind2=" " ind1=" ">
      <subfield code="a">Genomes bacterians</subfield>
   </datafield>
   <datafield tag="653" ind2=" " ind1=" ">
      <subfield code="a">Medicaments antibacterians</subfield>
   </datafield>
   <datafield tag="653" ind2=" " ind1=" ">
      <subfield code="a">Meningococcèmia - Prevenció</subfield>
   </datafield>
   <datafield tag="653" ind2=" " ind1=" ">
      <subfield code="a">Vacunes antibacterianes</subfield>
   </datafield>
   <datafield tag="653" ind2=" " ind1=" ">
      <subfield code="a">ANALYTICAL, DIAGNOSTIC AND THERAPEUTIC TECHNIQUES, AND EQUIPMENT::Investigative Techniques::Genetic Techniques::Sequence Analysis::Sequence Analysis, DNA::Whole Genome Sequencing</subfield>
   </datafield>
   <datafield tag="653" ind2=" " ind1=" ">
      <subfield code="a">CHEMICALS AND DRUGS::Complex Mixtures::Biological Products::Vaccines::Bacterial Vaccines::Meningococcal Vaccines</subfield>
   </datafield>
   <datafield tag="653" ind2=" " ind1=" ">
      <subfield code="a">DISEASES::Bacterial Infections and Mycoses::Bacterial Infections::Gram-Negative Bacterial Infections::Neisseriaceae Infections::Meningococcal Infections</subfield>
   </datafield>
   <datafield tag="653" ind2=" " ind1=" ">
      <subfield code="a">Other subheadings::Other subheadings::Other subheadings::/prevention &amp; control</subfield>
   </datafield>
   <datafield tag="653" ind2=" " ind1=" ">
      <subfield code="a">CHEMICALS AND DRUGS::Chemical Actions and Uses::Pharmacologic Actions::Therapeutic Uses::Anti-Infective Agents::Anti-Bacterial Agents</subfield>
   </datafield>
   <datafield tag="653" ind2=" " ind1=" ">
      <subfield code="a">TÉCNICAS Y EQUIPOS ANALÍTICOS, DIAGNÓSTICOS Y TERAPÉUTICOS::técnicas de investigación::técnicas genéticas::análisis de secuencias::análisis de secuencias de ADN::secuenciación del genoma completo</subfield>
   </datafield>
   <datafield tag="653" ind2=" " ind1=" ">
      <subfield code="a">COMPUESTOS QUÍMICOS Y DROGAS::mezclas complejas::productos biológicos::vacunas::vacunas bacterianas::vacunas antimeningocócicas</subfield>
   </datafield>
   <datafield tag="653" ind2=" " ind1=" ">
      <subfield code="a">ENFERMEDADES::infecciones bacterianas y micosis::infecciones bacterianas::infecciones por bacterias gramnegativas::infecciones por Neisseriaceae::infecciones meningocócicas</subfield>
   </datafield>
   <datafield tag="653" ind2=" " ind1=" ">
      <subfield code="a">Otros calificadores::Otros calificadores::Otros calificadores::/prevención &amp; control</subfield>
   </datafield>
   <datafield tag="653" ind2=" " ind1=" ">
      <subfield code="a">COMPUESTOS QUÍMICOS Y DROGAS::acciones y usos químicos::acciones farmacológicas::usos terapéuticos::antiinfecciosos::antibacterianos</subfield>
   </datafield>
   <datafield ind2="0" ind1="0" tag="245">
      <subfield code="a">Genomic characterization of invasive Neisseria meningitidis in Spain (2011/12–2022/23): expansion of clonal complex 213 and the potential threat to 4CMenB vaccine strain coverage</subfield>
   </datafield>
</record></metadata></record></GetRecord></OAI-PMH>